| 000 | 00564nam a22002057a 4500 | ||
|---|---|---|---|
| 999 |
_c16953 _d16953 |
||
| 003 | OSt | ||
| 005 | 20180719095130.0 | ||
| 008 | 180719b ||||| |||| 00| 0 eng d | ||
| 020 | _a9781569735923 | ||
| 020 | _a1569735921 | ||
| 040 | _aSEKU | ||
| 050 |
_aGF 50 _b.E3 |
||
| 245 |
_aEcosystems and human well-being : _bopportunities and challenges for business and industry. |
||
| 260 |
_aWashington, DC : _bUNEP, _c2005. |
||
| 300 |
_a31 p. : _bill. |
||
| 650 | _aBiodiversity | ||
| 650 | _aEcosystem management | ||
| 650 | _aHuman ecology | ||
| 942 |
_2lcc _cGEN |
||